| 000 | 00480nam a22001937a 4500 | ||
|---|---|---|---|
| 003 | OSt | ||
| 005 | 20140310181730.0 | ||
| 008 | 130311t xxu||||| |||| 00| 0 eng d | ||
| 020 | _a007173776 | ||
| 050 |
_aD 443 _b.M875 2008 |
||
| 082 |
_aIB 940 _bM83 2004 |
||
| 100 | _aMorris, Terry. | ||
| 245 |
_aEurope 1870-1991 / _cTerry Morris. |
||
| 250 | _a2nd ed. | ||
| 260 |
_aLondon : _bCollins, _cc2004. |
||
| 300 |
_a464 p. : _c25 cm. _bill. ; |
||
| 942 |
_2lcc _cBK |
||
| 999 |
_c2357 _d2357 |
||